Sports Quiz

Random Sports Quiz

Most CART/CCWS Starts Quiz Stats

 Plays Quiz not verified by Sporcle

Challenge
Share
Tweet
Embed
Score 0/20 Timer 07:00
0 Plays Today
Starts Driver % Correct
309Michael Andretti
99%
208Mario Andretti
98.1%
261Paul Tracy
92.4%
195Emerson Fittipaldi
87.6%
135Christian Fittipaldi
86.7%
264Bobby Rahal
84.8%
179Rick Mears
83.8%
273Al UnserJr.
80%
232Jimmy Vasser
80%
170Danny Sullivan
71.4%
Starts Driver % Correct
129Gil deFerran
59%
143Arie Luyendyk
53.3%
140Patrick Carpentier
51.4%
147Mauricio Gugelmin
50.5%
179Adrian Fernandez
49.5%
145Scott Pruett
47.6%
173Raul Boesel
43.8%
131Alex Tagliani
38.1%
147Scott Brayton
27.6%
152Michel Jourdain
21.9%

You're not logged in!

Compare scores with friends on all Sporcle quizzes.
OR
Log In

You Might Also Like...

Show Comments

Extras

Created Oct 3, 2009ReportNominate
Tags:cart, CART CCWS, ccw, driver, start

Top Quizzes Today


Score Distribution

Your Account Isn't Verified!

In order to create a playlist on Sporcle, you need to verify the email address you used during registration. Go to your Sporcle Settings to finish the process.

Report this User

Report this user for behavior that violates our Community Guidelines.

Details: